| 000 | 00614cam a22002411 4500 | ||
|---|---|---|---|
| 001 | sa 68003552 | ||
| 003 | DLC | ||
| 005 | 20260227112454.0 | ||
| 008 | 940805m19651966ii b 000 0 pano | ||
| 010 | _asa 68003552 | ||
| 025 | _aPL480:I-Pu-736 | ||
| 035 | _a(OCoLC)30890847 | ||
| 040 |
_aDLC _cCU _dCU _dDLC |
||
| 042 | _apremarc | ||
| 050 | 0 | 0 |
_aPK2651 _b.P3 |
| 100 | 1 |
_aPadama, Piārā Siṅgha, _d1921-2001. |
|
| 245 | 1 | 0 | _aKalama de dhanī. |
| 260 | _c[1965-66; v.1, 1966] | ||
| 300 |
_a2 v. _c20 cm. |
||
| 500 | _aIn Panjabi. | ||
| 504 | _aBibliographical footnotes. | ||
| 650 | 0 | _aAuthors, Panjabi. | |
| 999 |
_c79571 _d79571 |
||